History Quiz

Random History or Year Quiz

In Memoriam: 2017 Quiz Stats

 Plays Quiz Updated Dec 29, 2017

Score 0/50 Timer 10:00
0 Plays Today
% Correct
Hugh Hefner
85.4%
Mary Tyler Moore
83.4%
Chuck Berry
76.7%
Tom Petty
70.8%
David Cassidy
54.9%
Fats Domino
54%
Jerry Lewis
51.3%
Don Rickles
50.8%
Jim Nabors
48.5%
Roger Moore
47.4%
Adam West
41%
Erin Moran
38.8%
Bill Paxton
35.6%
Monty Hall
33.4%
Glen Campbell
33.3%
John Hurt
31.3%
Gregg Allman
30%
Martin Landau
28.6%
Malcolm Young
27.8%
Chris Cornell
27.7%
Roy Halladay
27.5%
Chester Bennington
23.9%
Robert Guillaume
22.5%
Harry Dean Stanton
20.4%
Miguel Ferrer
20%
% Correct
John Heard
19.4%
Jake LaMotta
18.4%
Jimmy Snuka
16.9%
Della Reese
13.8%
Jay Thomas
13.1%
Stephen Furst
10.5%
Michael Bond
10%
George Romero
7.6%
Glenne Headly
7.5%
Richard Hatch
7.2%
Frank Vincent
6.3%
Gord Downie
5.5%
Robert Hardy
5.5%
Barbara Sinatra
5.1%
Dina Merrill
5%
Richard Anderson
4.2%
Barbara Hale
4%
Jeanne Moreau
3%
Prodigy
2.9%
Nelsan Ellis
2.1%
John Avildsen
1.3%
Robert Knight
1.1%
Lola Albright
1%
Brent Briscoe
0.9%
Danielle Darrieux
0.8%

You're not logged in!

Compare scores with friends on all Sporcle quizzes.
OR
Log In

You Might Also Like...

Show Comments

Extras

Top Quizzes Today


Score Distribution

Your Account Isn't Verified!

In order to create a playlist on Sporcle, you need to verify the email address you used during registration. Go to your Sporcle Settings to finish the process.

Report this User

Report this user for behavior that violates our Community Guidelines.

Details: